00461nam a22001457a 450000500170000000800410001704000190005804100120007708200170008924500720010685000100017894200070018899900170019595201030021220230812123929.0230812b |||||||| |||| 00| 0 eng d aLoreto college aEnglish a954bSAR-CHA aThe calling of historybSir Jadunath Sarkar and his empire of truth aLCLIB cBK c43393d93872 00102ddc4070aMAINbMAINd2023-08-12l0o954 SAR-CHA 54295p47518r2023-08-12w2023-08-12yBKf